Southville International School and Colleges
Your cart is empty.
  • Cart
  • Lists
    Public lists Eva Luna New books Lux_list list_1
    Your lists Log in to create your own lists
  • Log in to your account
  • Your cookies
  • Search history
Southville International School and Colleges
  • Advanced search
  • Recent comments
  • Most popular
  • Libraries

Log in to your account

Log in with GOOGLE


If you do not have an external account, but do have a local account, you can still log in:

  1. Home
  2. MARC view: Butler's lives of the saints.
Normal view MARC view ISBD view

Butler's lives of the saints. (Record no. 108735)

[ view plain ]
MARC details
000 -LEADER
fixed length control field 00420nam a2200157 a 4500
005 - DATE AND TIME OF LATEST TRANSACTION
control field 20140414093831.0
008 - FIXED-LENGTH DATA ELEMENTS--GENERAL INFORMATION
fixed length control field 030619s19uu xx 00 eng d
050 ## - LIBRARY OF CONGRESS CALL NUMBER
Classification number CD 200
Item number OR #02
245 ## - TITLE STATEMENT
Title Butler's lives of the saints.
260 ## - PUBLICATION, DISTRIBUTION, ETC. (IMPRINT)
Place of publication, distribution, etc Harmony Media, Inc.
500 ## - GENERAL NOTE
General note "I have given you an example"--Cover.
520 ## - SUMMARY, ETC.
Summary, etc on CD-ROM
650 ## - SUBJECT ADDED ENTRY--TOPICAL TERM
Topical term or geographic name as entry element Christian saints
General subdivision Biography.
942 ## - ADDED ENTRY ELEMENTS (KOHA)
Koha item type Audio Visual Materials
Holdings
Withdrawn status Lost status Damaged status Home library Current library Shelving location Date acquired Source of acquisition Total Checkouts Full call number Barcode Date last seen Price effective from Koha item type
      Luxembourg Library Luxembourg Library Audio Visual Material Section 06/19/2003     CD 200 OR #02 UN2002 04/14/2014 04/14/2014 Audio Visual Materials

Butler's lives of the saints.

APA

Butler's lives of the saints. Harmony Media, Inc: .

Chicago

Butler's lives of the saints. Harmony Media, Inc: .

Harvard

Butler's lives of the saints. Harmony Media, Inc: .

MLA

Harmony Media, Inc: . .

  • Place hold
  • Print
  • Cite
  • Add to your cart (remove)
  • Save record
    BIBTEX Dublin Core MARCXML MARC (non-Unicode/MARC-8) MARC (Unicode/UTF-8) MARC (Unicode/UTF-8, Standard) MODS (XML) RIS
  • More searches
    Search for this title in:
    Other Libraries (WorldCat) Other Databases (Google Scholar) Online Stores (Bookfinder.com) Open Library (openlibrary.org)

Exporting to Dublin Core...

SOUTHVILLE LIBRARY

Southville International School and Colleges Library

1281 Tropical Ave. Cor. Luxembourg St., BF Homes International, Las Pinas City

Tel. No. 8256374 / 252358 Loc. 117/146

Powered by Koha